| 000 | 00591nam a2200169 i 4500 | ||
|---|---|---|---|
| 001 | 55445 | ||
| 003 | ES-MaACL | ||
| 007 | t| | ||
| 008 | 030919s1982 sp ||||1| spa d | ||
| 100 | 1 |
_aDerivaux, J. _943774 |
|
| 245 | 1 | 0 |
_aReproducción de los animales domésticos _b: . 1: Fisiología. 2: El macho. Inseminación artificial. 3: Patología / _cJ. Derivaux ; traducido por José Gómez Piquer. |
| 250 | _a2ª ed. | ||
| 260 |
_aZaragoza : _bAcribia, _c1982. |
||
| 300 |
_aXVII, 486 p. : _bil. ; _c24 cm. |
||
| 700 | 1 |
_aGómez Piquer, José. _958117 |
|
| 852 |
_aES-MaACL _jL-3567 _bR.103665 |
||
| 999 |
_c55445 _d55445 |
||